Conservación de uvas de mesa en almacenaje refrigerado
محفوظ في:
| مؤلفون مشاركون: | , |
|---|---|
| التنسيق: | كتاب |
| اللغة: | الإسبانية |
| منشور في: |
Santiago
CORFO
1973
Santiago ENARFI 1973 |
| سلاسل: | Publicación Técnica, 8
|
| الموضوعات: | |
| الوسوم: |
إضافة وسم
لا توجد وسوم, كن أول من يضع وسما على هذه التسجيلة!
|
MARC
| LEADER | 00000nam a2200000 a 4500 | ||
|---|---|---|---|
| 001 | UCR5694 | ||
| 003 | CL-VaPUC | ||
| 008 | 980403e19730000cl |||||||||||||||||spa|d | ||
| 082 | 0 | 4 | |a 664.8 |b COR |2 21 |
| 110 | 2 | |a CORFO |e author |9 406627 | |
| 710 | 2 | |a ENAFRI |e author |9 406628 | |
| 245 | 1 | 0 | |a Conservación de uvas de mesa en almacenaje refrigerado |
| 300 | |a 43 p | ||
| 942 | |c BK | ||
| 945 | |d 19980403 00:00:00 |a crobeson | ||
| 260 | |a Santiago |b CORFO |c 1973 | ||
| 260 | |a Santiago |b ENARFI |c 1973 | ||
| 650 | 0 | |a Uva de mesa |9 405867 | |
| 650 | 7 | |a FRUTAS DE CLIMA TEMPLADO |2 CL-VaPUC |9 406629 | |
| 650 | 0 | |a Frutales |9 264870 | |
| 650 | 0 | |a Vid |9 264784 | |
| 650 | 0 | |a Almacenamiento |9 341876 | |
| 650 | 7 | |a REFRIJERADO |2 CL-VaPUC |9 406630 | |
| 583 | |a last modification |c 20171006 10:46:21 |k Rodrigo Vera | ||
| 490 | 0 | |a Publicación Técnica, 8 | |
| 999 | |c 268154 |d 268152 | ||
| 952 | |0 0 |1 0 |4 0 |6 664_800000000000000_COR_1973_1973 |7 0 |8 A |9 301084 |a BIBALI |b BIBALI |d 2019-11-20 |i 1977466 |o 664.8 COR 1973 1973 |p 1977466 |r 2025-01-20 |w 2019-11-20 |y BK |k ALI | ||